Tatranský čaj naberá na disciplíne
Úspešný rodinný podnik Karloff na výrobu bilinných likérov. Podnik vybudovaný až na štvrtý pokus. Zlyhanie vyvážené úspechom. Príbeh čajovo-bilinného likéru Tatratea.
Gespeichert in:
| 1. Verfasser: | |
|---|---|
| Format: | Buchkapitel |
| Sprache: | Slowakisch |
| Schlagworte: | |
| Tags: |
Keine Tags, Fügen Sie das erste Tag hinzu!
|
MARC
| LEADER | 00000naa a2200000 4500 | ||
|---|---|---|---|
| 001 | 0226749 | ||
| 005 | 20221104112809.0 | ||
| 041 | 0 | |a slo | |
| 044 | |a SK | ||
| 245 | 1 | 0 | |a Tatranský čaj naberá na disciplíne |c Ivan Haluza |
| 520 | |a Úspešný rodinný podnik Karloff na výrobu bilinných likérov. Podnik vybudovaný až na štvrtý pokus. Zlyhanie vyvážené úspechom. Príbeh čajovo-bilinného likéru Tatratea. | ||
| 610 | 2 | 0 | |a podnik rodinný |
| 610 | 2 | 0 | |a podnikanie rodinné |
| 610 | 2 | 0 | |a nápoje alkoholické |
| 610 | 2 | 0 | |a výroba |
| 610 | 2 | 0 | |a vývoz |
| 610 | 2 | 0 | |a Slovensko |
| 100 | 1 | |a Haluza, Ivan | |